000 00428nam a2200145Ia 4500
008 230917s9999||||xx |||||||||||||| ||und||
040 _e164870
_aMAIN
041 _aEnglish
082 _a891.432741 CS395P
100 _aचन्द्रशेखर
245 0 _aपहला पुरूप
260 _aदिल्ली
_bआत्माराम एण्ड सन्ज
_c1986
300 _a79पृ. p.
942 _cHN
999 _c53397
_d53397